000 00879nam a2200193 a 4500
008 120416s1973 ||||||||||||||||| || u
050 _aHF 5686.C8 Har
100 _aHart, Harold
245 1 0 _aOverhead costs
246 _aanalysis and control
260 _aLondon
_bHeinemann
_c1973
300 _axi, 189p. : ill.
350 _a0.00
650 0 _aCOST ACCOUNTING
650 _aCOSTING
995 _D0.00
_FCBU-MAIN LIBRARY (Kitwe)
_H3
_I6.00
_M1
_UAVAILABLE
_ZAnnex Low-Usage Collection
995 _D0.00
_FCBU-MAIN LIBRARY (Kitwe)
_H1
_I6.00
_M2
_UAVAILABLE
_ZAnnex Low-Usage Collection
995 _D0.00
_FCBU-MAIN LIBRARY (Kitwe)
_H2
_I6.00
_M3
_UAVAILABLE
_ZMain Library Open Access Collection
999 _c81718
_d81718